Open Data Biblioteca Nacional de Portugal


República Portuguesa: Ministério da Cultura
Biblioteca Nacional de Portugal

Catálogo da BNP: acesso por Identificadores Unívocos
Registos Bibliográficos associados ao registo de autoridade

Etiqueta de registo: 00254nam 2200025 450
001 2285932
003 http://id.bnportugal.gov.pt/bib/catbnp/2285932
010 ## $a978-84-1064-546-2
021 ## $aPT$b560167/26
100 ## $a20260507d2026 m y0pory01030103ba
101 1# $apor$ceng
102 ## $aES
105 ## $ay z 000ay
106 ## $ar
200 1# $aResultado final$fDon Winslow$gpref. Reed Farrel Coleman$gtrad. Fátima Tomás da Silva
205 ## $a1ª ed
210 #9 $aMadrid$cHarperCollins Ibérica,$d2026
215 ## $a335 p.$d23 cm
304 ## $aTít.: The final score
675 ## $a821.111(73)-312.4"19/20"$vBN$zpor$31242395
700 #1 $aWinslow,$bDon$f1953-$31520006
702 #1 $aColeman,$bReed Farrel,$f1956-$4080$31997862
702 #1 $aSilva,$bFátima Tomás$4730$31997860
801 #0 $aPT$bBN$gRPC
966 ## $lBN$mFGMON$sL. 181946 V.$x1
966 ## $lBN$mFGMON$sL. 181946 V.-D$x1
971 ## $cisantos$d20260507
972 ## $e0$z0$d20260608$vlrevez
973 ## $csteixeira$d20260527
975 ## $e0$d20260612$viquintas

Etiqueta de registo: 00000nam 2200025 450
001 2287603
003 http://id.bnportugal.gov.pt/bib/catbnp/2287603
010 ## $a978-84-1064-677-3
021 ## $aPT$b561512/26
100 ## $a20260609d2026 m y0pory01030103ba
101 1# $apor$ceng
102 ## $aPT
105 ## $ay z 000yy
106 ## $ar
200 1# $aAqui somos todos culpados$fKarin Slaughter$gtrad. Fátima Tomás da Silva
205 ## $a1ª ed
210 #9 $aMadrid$cHarperCollins,$d2026
215 ## $a445 p.$d23 cm
304 ## $aTít. orig.: We are all guilty here
700 #1 $aSlaughter,$bKarin,$f1971-$31271202
702 #1 $aSilva,$bFátima Tomás$4730$31997860
801 #0 $aPT$bBN$gRPC
966 ## $lBN$mFGMON$x1
966 ## $lBN$mFGMON$x1
971 ## $corlando$d20260609

Etiqueta de registo: 00254nam 2200025 450
001 2288950
003 http://id.bnportugal.gov.pt/bib/catbnp/2288950
010 ## $a978-84-1064-703-9
021 ## $aPT$b562843/26
100 ## $a20260626d2026 m y0pory01030103ba
101 1# $apor$cspa
102 ## $aPT
105 ## $ay z 000yy
106 ## $ar
200 1# $a O triãngulo de gelo$fMarcos Nieto Pallarés$gtrad. Fátima Tomás da Silva
205 ## $a1ª ed
210 #9 $aMadrid$cHarperCollins,$d2026
215 ## $a334 p.$d23 cm
304 ## $aTít. orig.: El triángulo de hielo
700 #1 $aNieto Pallarés,$bMarcos$32001830
702 #1 $aSilva,$bFátima Tomás$4730$31997860
801 #0 $aPT$bBN$gRPC
966 ## $lBN$mFGMON$x1
966 ## $lBN$mFGMON$x1
971 ## $cisantos$d20260626

OpendataBNP@bnportugal.pt | Mais informação sobre acesso aos dados BNP